01350nam a2200289Ia 4500001001200000003000800012006001900020007001500039008004100054020001800095040002100113035002100134050002900155100002300184245015500207260005300362300001900415500008700434504004100521533015200562546006200714650006700776650004500843655002900888710001700917856012600934ebr10363495CaPaEBRm u cr cn|||||||||100417s2009 ne a sb 000 0 eng d z9789056295752 aCaPaEBRcCaPaEBR a(OCoLC)65954945814aHF5549.5.E42bC38 2009eb1 aCastonguay, Julie.10aBenchmarking carrots and sticksh[electronic resource] :bdeveloping a model for the evaluation of work-based employment programs /cJulie Castonguay. aAmsterdam :bAmsterdam University Press,cc2009. a388 p. :bill. aOriginally presented as the author's Ph.D Thesis from the University of Amsterdam. aIncludes bibliographical references. aElectronic reproduction.bPalo Alto, Calif. :cebrary,d2010.nAvailable via World Wide Web.nAccess may be limited to ebrary affiliated libraries. aTranslated into English from the Dutch, summary in Dutch. 0aEmployee assistance programsxEvaluationxMathematical models. 0aEmployee assistance programsxStandards. 7aElectronic books.2local2 aebrary, Inc.40uhttp://site.ebrary.com/lib/rucke/Doc?id=10363495zAn electronic book accessible through the World Wide Web; click to view